000 00290nam a22001217a 4500
008 171024b xxu||||| |||| 00| 0 eng d
041 _aeng
080 _214th
_a311
100 _a55
101 _aSTA
245 _aSTATISTICAL TECHNIQUES BUSINESS IN & ECONOMICS
_cLIND,D.A
942 _2udc
_cBK
999 _c35698
_d35698